| 000 | 01075nam0a2200313 4500 | ||
|---|---|---|---|
| 001 | RU\NLR\BIBL_A\012018298 | ||
| 005 | 20190605145902.0 | ||
| 010 |
_a978-5-00108-470-9 _91500 |
||
| 021 |
_aRU _bКН-П-19-030049 _9КН-П-19-2260 |
||
| 035 | _a(NLR Aleph) 012018298 | ||
| 035 | _a(RuMoRGB)009961290 | ||
| 090 |
_a11486498 _c11486498 |
||
| 100 | _a20190521d2019 d y0rusy50 ca | ||
| 101 | 0 | _arus | |
| 102 | _aRU | ||
| 105 | _ay|||z|||000ay | ||
| 200 | 1 |
_aЗа два часа до снега _e[повесть _eдля среднего школьного возраста] _fАлёна Марьясова |
|
| 210 |
_aМосква _cИздательский Дом Мещерякова _d2019 |
||
| 215 |
_a139, [1] с. _d21 |
||
| 225 | 1 | _aСерия "Настроение. Подросток" | |
| 333 | _a12+ | ||
| 686 | 0 | _aШ9(2)62=Р7-4 | |
| 700 | 1 |
_aМарьясова _bА. Е. _gАлёна Евгеньевна |
|
| 942 | _cBOOK | ||
| 980 | _aNBR | ||
| 980 | _aNB | ||